| 000 | 00637nam a22001817a 4500 | ||
|---|---|---|---|
| 005 | 20251108174552.0 | ||
| 008 | 250721s2009 xx 000 0 ara d | ||
| 082 | 1 | 4 | _a939.48/غزا |
| 100 | 1 |
_aغزال، يوسف _eمؤلف |
|
| 245 | 1 | 0 | _aالملك الحارث الرابع والملكة شفيقة : أعظم ملوك الانباط و أعظم ملوك العرب القدماء................ / |
| 264 | 1 |
_aعمان : _bدار عالم الثقافة، _c2009. |
|
| 300 | _a127 ص. | ||
| 650 | 1 | 7 | _aالبتراا |
| 650 | 1 | 7 | _aالانباط |
| 650 | 1 | 7 | _aتاريخ الاردن |
| 942 |
_2ddc _cBK |
||
| 999 |
_c112481 _d112481 |
||